Parighavarachi manas (lalit lekh) (Record no. 825402)

MARC details
000 -LEADER
fixed length control field 00556nam a2200217Ia 4500
008 - FIXED-LENGTH DATA ELEMENTS--GENERAL INFORMATION
fixed length control field 101110s9999 xx 000 0 und d
041 ## - LANGUAGE CODE
Language code of text/sound track or separate title MARATHI
082 ## - DEWEY DECIMAL CLASSIFICATION NUMBER
Item number SR32901
Classification number 891.46808
100 ## - MAIN ENTRY--PERSONAL NAME
Personal name Bhosale D.T.
245 ## - TITLE STATEMENT
Title Parighavarachi manas (lalit lekh)
260 ## - PUBLICATION, DISTRIBUTION, ETC. (IMPRINT)
Date of publication, distribution, etc 2007
Name of publisher, distributor, etc Swarup prakashan,Aourangabad
300 ## - PHYSICAL DESCRIPTION
Extent 168
365 ## - TRADE PRICE
Price amount 150
520 ## - SUMMARY, ETC.
Summary, etc Marathi
546 ## - LANGUAGE NOTE
Language note MARATHI
630 ## - SUBJECT ADDED ENTRY--UNIFORM TITLE
Uniform title Parighavarachi manas (lalit lekh)
650 ## - SUBJECT ADDED ENTRY--TOPICAL TERM
Topical term or geographic name as entry element Marathi
655 ## - INDEX TERM--GENRE/FORM
Genre/form data or focus term Marathi
730 ## - ADDED ENTRY--UNIFORM TITLE
Uniform title Parighavarachi manas (lalit lekh)
942 ## - ADDED ENTRY ELEMENTS (KOHA)
Koha item type Book
Holdings
Withdrawn status Lost status Damaged status Not for loan Home library Current library Shelving location Date acquired Source of acquisition Cost, normal purchase price Shelving control number Total Checkouts Barcode Date last seen Price effective from Koha item type
        D. B. J. College, Chiplun D. B. J. College, Chiplun     Akshardip parakashan, Kolhapur, cash memo no.825, dt.14/9/09 150.00     DBJSR32901 11/11/2010 11/11/2010 Book